| 000 | 02150 a2200277 4500 | ||
|---|---|---|---|
| 001 | 21202 | ||
| 005 | 20260407155502.0 | ||
| 008 | 260407a2012 arg spa d | ||
| 003 | AR-UNSa-BCEJYS | ||
| 040 |
_aAR-UNSa-BCEJYS _bspa _cAR-UNSa-BCEJYS |
||
| 080 |
_a336.225 _xMétodo de tributación y administración de impuestos |
||
| 245 | 1 | 0 |
_aProcedimiento tributario _pLey 11.683, Decreto 618/97 |
| 020 | _a978-987-01-1342-3 | ||
| 264 | 1 |
_aBuenos Aires : _bErrepar _c2012 |
|
| 300 |
_axxxviii, 856 p. _c24 cm. |
||
| 505 | _aPrimera parte: Decreto 618/1997 Administración tributaria, organización, competencia y facultades -- Segunda parte: Ley de procedimiento tributario Nº 11.683, T.O.1998 y sus modificaciones -- Título I: Capítulo 1: Disposiciones generales -- Capítulo 2: Sujeto de los deberes impositivos -- Capítulo 3: Determinación y percepción de impuestos -- Capítulo 4: Del pago -- Capítulo 5: Verificación y fiscalización -- Capítulo 6: Intereses, ilícitos y sanciones -- Capítulo 7: Responsables de las sanciones -- Capítulo 8: La prescripción -- Capítulo 9: Procedimiento penal y contencioso administrativo del sumario -- Capítulo 10: Procedimiento contencioso judicial -- Capítulo 11: Juicio de ejecución fiscal -- Capítulo 12: Disposiciones varias -- Capítulo 13: Bloqueo fiscal -- Capítulo 14: Cuentas de jerarquización -- Capítulo 15: Régimen de actualización -- Capítulo 16: Regímenes de promoción -- Título II: Capítulo 1: De la organización y competencia de los tribunales fiscales y actuación ante ellos -- Capítulo 2: De las acciones y recursos -- Capítulo 3: De la sentencia del tribunal fiscal -- Capítulo 4: Disposiciones generales -- Título III: Otras disposiciones | ||
| 942 | _cBK | ||
| 590 | _aniveau_biblio:m niveau_hierar:0 | ||
| 100 | 1 | _aDacal, Ignacio | |
| 700 | 1 | _aGadea, María de los Angeles | |
| 700 | 1 | _aCeldeiro, Ernesto Carlos | |
| 700 | 1 | _aDella Picca, Pablo H. | |
| 700 | 1 | _aImirizaldu, Juan José | |
| 700 | 1 | _aLobera, Elizabeth R. | |
| 856 | 4 | 1 |
_uhttps://biblioeco.unsa.edu.ar/pmb/images/libros/Procedimiento Tributario3.jpg _yImagen de portada _qimage/jpeg |
| 999 |
_c777 _d777 |
||